Responses for Show #5022 - Tuesday, June 13, 2006

Craig Westphal game 3.

Contestants

[<< previous game]

Don Tenney, a senior product specialist from Henderson, Nevada

Lisa Kushida, an attorney originally from Duncanville, Texas

Craig Westphal, a paramedic from Tucson, Arizona (whose 2-day cash winnings total $41,001)

[next game >>]

Jeopardy! Round responses

SHAKESPEARE
THE SENATOR OF ATTENTION
COLORFUL PHRASES
TAIPEI PERSONALITY
"B" MOVIES
SEE FOR YOURSELF
    $200 21
A Midsummer Night's Dream

Craig
    $200 11
Harry S. Truman

Craig
    $200 6
to be seeing red

Craig
    $200 22
(Craig: What is Great Britain?)

Japan

Craig
Triple Stumper
    $200 1
Bullitt

Craig
    $200 16
Benedict Arnold

Don
    $400 27
Brutus

Don
    $400 12
John McCain

Lisa
    $400 7
dress blues

Craig
    $400 23
Ang Lee

Lisa
    $400 2
Boyz n the Hood

Lisa
    $400 17
Stephen King

Lisa
    $600 28
(Alex: No wonder they thought he was a little odd--[*].)

Hamlet

Triple Stumper
    $600 13
Strom Thurmond

Craig
    $600 8
(Lisa: What is... an emery board?)

an orangewood stick

Lisa
Triple Stumper
    $600 24
(Don: Uh, what is soccer?)

baseball

LisaDon
    $600 3
Blue Velvet

Craig
    $600 18
(Alex: Yes, the Trojans.)

the University of Southern California

Craig
    $800 29
(Craig: What is Twelfth Night?)
(Lisa: What is As You Like It?)

Much Ado About Nothing

CraigLisa
Triple Stumper
    $800 14
Daniel Webster

Don
    $800 9
the little gray cells

Triple Stumper
    $800 25
Confucius

Craig
    $1,000 4
Blacula

Craig
    $800 19
(Don: Who is Eiffel?)

Bartholdi

Don
Triple Stumper
    $1000 30
Paris

Lisa
    $1000 15
Gouverneur Morris

Triple Stumper
    $1000 10
white nights

Lisa
    $1000 26
Chiang Kai-shek

Craig
    $1000 5
The Bicycle Thief

Lisa
    $1000 20
a penny (or a farthing)

Don

Scores at the first commercial break (after clue 15):

Craig Lisa Don
$3,200 $2,200 $800

Scores at the end of the Jeopardy! Round:

Craig Lisa Don
$4,800 $3,800 $1,000

Double Jeopardy! Round responses

CITY OF THE DAY: BIRMINGHAM
M.D. TV
OLD WEST DESPERADOES
FAMOUS PAIRS
GEOLOGY
WORD LORE
    $400 24
kidneys

Craig
    $400 1
China Beach

Craig
    $400 6
Jesse James

Craig
    $400 19
Lois

Craig
    $400 11
(Lisa: What are volcanoes? ...Volcanoes?)

eruptions

CraigLisa
    $400 14
cheese

Don
    $800 25
(Alex: That was [*] magazine. Pay attention.)

Gourmet

Triple Stumper
    $800 2
TLC (The Learning Channel)

Don
    $800 7
Billy the Kid

Craig
    $800 20
Huntley

Craig
    $800 12
faults

Lisa
    $800 15
groovy

Craig
    $1200 26
(Alex: Because he played on [*].)

the Barons

Triple Stumper
    $1200 3
Lost

Don
    $3,000 8
(Alex: Sometimes a good guess is...)
(Craig: Better to be lucky than good.)
(Alex: All right.)

the Dalton Gang

Craig
    $1200 21
Leopold

Lisa
    $1200 13
the water table

Lisa
    $1200 16
a latchstring

Triple Stumper
    $1600 27
1963

Triple Stumper
    $1600 4
(Lisa: What is Marcus Welby, M.D.?)
...
(Alex: A spinoff of M*A*S*H.)

Trapper John, M.D.

Lisa
Triple Stumper
    $1600 9
Black Bart

Craig
    $1600 22
(Lisa: Who is...)

Lunt

CraigLisa
    $2,000 29
carbon dioxide

Craig
    $1600 17
shedding of the skin (or molting)

Craig
    $2000 28
Vulcan

Triple Stumper
    $2000 5
Diagnosis Murder

Craig
    $2000 10
(Lisa: Who is Calamity Jane?)

Belle Starr

Lisa
Triple Stumper
    $2000 23
McCormick

Don
    $2000 30
(Alex: It's called magnetite, so it acts as a natural [*].)

a magnet

Triple Stumper
    $2000 18
a segue

Craig

Scores at the end of the Double Jeopardy! Round:

Craig Lisa Don
$23,000 $1,400 $5,400
(lock game)

[wagering suggestions for these scores]

Final Jeopardy! Round responses

LITERARY QUOTES
(Alex: Very impressive... You don't look as happy as you should be.)
(Craig: Uh, they've been bugging me about that. I guess it's just the reaction I get. That's how I look.)
(Alex: All right, don't worry about it. You get to play again on our next Jeopardy! See you then.)
LisaWhat is The Old Man and The Sea?
$1,399
DonWhat is On the Road
$2,000
CraigWhat is "The Old Man and the Sea"?
$3,000
The Old Man and the Sea (by Ernest Hemingway)

Final scores:

Craig Lisa Don
$26,000 $2,799 $3,400
3-day champion: $67,001 3rd place: $1,000 2nd place: $2,000

Game dynamics:

Coryat scores:

Craig Lisa Don
$20,600 $1,400 $5,400
26 R
(including 3 DDs),
2 W
11 R,
6 W
8 R,
2 W

Combined Coryat: $27,400

[game clues] [game scores] [suggest correction]

Game tape date: Unknown
The J! Archive is created by fans, for fans. Scraping, republication, monetization, and malicious use prohibited; this site may use cookies and collect identifying information. See terms. The Jeopardy! game show and all elements thereof, including but not limited to copyright and trademark thereto, are the property of Jeopardy Productions, Inc. and are protected under law. This website is not affiliated with, sponsored by, or operated by Jeopardy Productions, Inc. Join the discussion at JBoard.tv.